Vývojový a výrobný program ZVT v kraji Banská Bystrica a jeho rozvoj

Salvato in:
Dettagli Bibliografici
Natura: Libro
Lingua:slovacco
Pubblicazione: Banská Bystrica Dom techniky ČSVTS 1983
Tags: Aggiungi Tag
Nessun Tag, puoi essere il primo ad aggiungerne!!

MARC

LEADER 00000nam a2200000 4500
001 c106613
005 20041019155137.8
041 0 |a slo 
044 |a SK 
245 1 0 |a Vývojový a výrobný program ZVT v kraji Banská Bystrica a jeho rozvoj 
264 1 |a Banská Bystrica  |b Dom techniky ČSVTS  |c 1983 
300 |a 103 s.